LEADER 01142nam a2200277 i 4500 001 991001475099707536 005 20020507130332.0 008 991006s1991 it ||| | ita 020 $a881402992X$c16000 035 $ab10225894-39ule_inst 035 $aLE02986722$9ExL 040 $aISUFI - Sett. Diritti e Politiche Euromediterranee$bita 082 0 $a341.75 100 1 $aMirabelli, Giuseppe$0227247 245 10$aRapporti contrattuali nel diritto internazionale :$blezioni per il corso di organizzazione internazionale della LUISS /$ctenute da Giuseppe Mirabelli ... [et al.] 260 $aMilano :$bGiuffrè,$c1991 300 $aix, 1139 p. ;$c25 cm. 490 0 $aCollana di studi giuridici ;$v18 500 $aCon una scelta di documenti 650 4$aContratti$xDiritto internazionale 907 $a.b10225894$b17-02-17$c27-06-02 912 $a991001475099707536 945 $aLE029 341.75 MIR01.01$g1$iLE029-0048$lle029$o-$pE0.00$q-$rn$so $t0$u0$v0$w0$x0$y.i10275368$z27-06-02 996 $aRapporti contrattuali nel diritto internazionale$9207055 997 $aUNISALENTO 998 $ale029$b01-01-99$cm$da $e-$fita$git $h0$i1 LEADER 01505nam a2200337 i 4500 001 991003502549707536 008 961025s1988 nyua b 001 0 eng d 020 $a0387967559 (v.1) 020 $a0387967567 (v.2) 035 $ab1182122x-39ule_inst 040 $aDip.to Biologia$beng 082 0 $a616.90475$219 245 10$aLaboratory diagnosis of infectious diseases :$bprinciples and practice 260 3 $aNew York :$bSpringer,$cc1988 300 $a2 v. :$bill. (some col.) ;$c28 cm 500 $aIncludes bibliographies and indexes 505 $gV.1:$tBacterial, mycotic, and parasitic diseases / editors, A. Balows ... [et al.] 505 $gV.2:$tViral, rickettsial, and chlamydial diseases / editors, E. H. Lennette, P. Halonen, F. A. Murphy 650 4$aCommunicable diseases$xDiagnosis 650 4$aDiagnosis, Laboratory 650 4$aDiagnostic microbiology 650 4$aDiagnostic microbiology$xLaboratory manuals 650 4$aVirus Diseases$xDiagnosis 700 1 $aBalows, Albert 907 $a.b1182122x$b26-04-07$c18-12-02 912 $a991003502549707536 945 $aLE003 616.9 BAL01.01 V.I (1988)$cV. 1$g1$i2003000020892$lle003$o-$pE0.00$q-$rl$s- $t0$u2$v18$w2$x0$y.i12071729$z18-12-02 945 $aLE003 616.9 BAL01.01 V.II (1988)$cV. 2$g1$i2003000046243$lle003$o-$pE0.00$q-$rl$s- $t0$u2$v18$w2$x0$y.i13966996$z17-12-04 996 $aLaboratory diagnosis of infectious diseases$9898719 997 $aUNISALENTO 998 $ale003$b01-01-96$cm$da $e-$feng$gnyu$h0$i1